Proyecto Hablemos de Dios: Religión católica, 2º medio

Uloženo v:
Podrobná bibliografie
Hlavní autoři: Lapetra Escoriaza, Álvaro (Autor), Castaño, Gaspar (Autor), Cortés Soriano, Javier (Autor), Forcada González, Samuel (Autor)
Médium: Kniha
Jazyk:španělština
Vydáno: Santiago SM 2005
Témata:
Tagy: Přidat tag
Žádné tagy, Buďte první, kdo vytvoří štítek k tomuto záznamu!

MARC

LEADER 00000cam a2200000 a 4500
001 UCF8877
003 CL-VaPUC
008 131011e20050000cl |||||||||||||||||spa|d
020 |a 9789562645072 
082 0 4 |a 268.0712  |b LAP  |2 21 
100 |a Lapetra Escoriaza, Álvaro  |e author  |9 570986 
700 0 |a Castaño, Gaspar  |e author  |9 570976 
700 0 |a Cortés Soriano, Javier  |e author  |9 570977 
700 0 |a Forcada González, Samuel  |e author  |9 570978 
245 1 0 |a Proyecto Hablemos de Dios: Religión católica, 2º medio 
246 1 3 |a El don de sí para construir la civilización del amor 
300 |a 143 p 
942 |c BK 
945 |d 20131011 10:45:00  |a dcastane 
260 |a Santiago  |b SM  |c 2005 
650 0 |a Educación religiosa   |9 308312 
650 0 |a Métodos de enseñanza  |9 270413 
583 |a last modification  |c 20131011 10:45:00  |k Rodrigo Vera 
999 |c 353390  |d 353388 
952 |0 0  |1 0  |3 erb  |4 0  |6 268_071200000000000_LAP_2005  |7 0  |8 A  |9 458555  |a BIBTEO  |b BIBTEO  |d 2019-11-23  |i 5016045  |l 2  |o 268.0712 LAP 2005  |p 5016045  |r 2025-01-17  |s 2022-07-01  |w 2019-11-23  |y BK  |z Catalogado en:20131011  |k ICR 
952 |0 0  |1 0  |3 erb  |4 0  |6 268_071200000000000_LAP_2005  |7 0  |8 A  |9 458556  |a BIBTEO  |b BIBTEO  |d 2019-11-23  |i 5016053  |o 268.0712 LAP 2005  |p 5016053  |r 2025-01-17  |w 2019-11-23  |y BK  |z Catalogado en:20131011  |k ICR 
952 |0 0  |1 0  |3 erb  |4 0  |6 268_071200000000000_LAP_2005  |7 0  |8 A  |9 458557  |a BIBTEO  |b BIBTEO  |d 2019-11-23  |i 5016061  |o 268.0712 LAP 2005  |p 5016061  |r 2025-01-17  |w 2019-11-23  |y BK  |z Catalogado en:20131011  |k ICR